Loading...
| Fine Arts - Auditory Fine Arts | 5 | 2 | 0 | 0 | 95 | 40 | 70.14 | 4 | 7 |
| Science - Physics | 2 | 3 | 1 | 2 | 55 | 49 | 96.20 | 3 | 5 |
| Fine Arts - Other Fine Arts | 1 | 4 | 1 | 1 | 50 | 88 | 116.60 | 2 | 5 |
| History - Other History | 0 | 5 | 0 | 2 | 50 | 85 | 111.20 | 1 | 5 |
| Science - Chemistry | 0 | 5 | 0 | 1 | 50 | 68 | 93.00 | 2 | 3 |
| Literature - European Literature | 0 | 5 | 0 | 0 | 50 | 98 | 126.80 | 0 | 4 |
| Literature - British Literature | 0 | 5 | 0 | 0 | 50 | 78 | 107.40 | 1 | 4 |
| Social Science | 1 | 3 | 0 | 0 | 45 | 59 | 105.25 | 1 | 4 |
| Science - Biology | 0 | 5 | 1 | 2 | 45 | 90 | 104.60 | 0 | 5 |
| Philosophy | 0 | 4 | 0 | 0 | 40 | 64 | 77.50 | 2 | 4 |
| Literature - World Literature | 0 | 4 | 1 | 0 | 35 | 124 | 142.50 | 1 | 3 |
| Fine Arts - Visual Fine Arts | 0 | 3 | 0 | 1 | 30 | 113 | 133.00 | 0 | 3 |
| Science - Other Science | 2 | 1 | 2 | 0 | 30 | 42 | 62.33 | 3 | 3 |
| Geography | 0 | 3 | 0 | 1 | 30 | 124 | 134.00 | 1 | 2 |
| Religion | 0 | 3 | 0 | 1 | 30 | 100 | 119.33 | 0 | 2 |
| Other Academic | 1 | 1 | 0 | 0 | 25 | 48 | 70.00 | 1 | 2 |
| History - World History | 0 | 2 | 0 | 1 | 20 | 135 | 137.00 | 0 | 2 |
| History - American History | 0 | 2 | 0 | 0 | 20 | 112 | 122.50 | 0 | 0 |
| Current Events | 0 | 1 | 0 | 0 | 10 | 130 | 130.00 | 0 | 0 |
| History - European History | 0 | 1 | 0 | 1 | 10 | 140 | 140.00 | 0 | 1 |
| Literature - American Literature | 0 | 2 | 2 | 0 | 10 | 117 | 127.00 | 0 | 1 |